000 00799nam a22002417a 4500
003 DO-SdBNP
005 20221102113140.0
007 ta
008 110301s2020 dr ac 000 0 spa d
020 _a9789945925920
040 _aDO-SdBNP
_bspa
_cBNPHU
082 4 _axxxx
_bxxx
100 _aMunamauta, Chamalú
_947524
_d1959-
_q(Luis Espinosa)
245 1 0 _aCreatividad en acción :
_bmanual para una vida creativa /
_cChamalú, Keila González Báez
246 1 0 _aCreatividad en acción /
260 _aSanto Domingo :
_bBien-etre,
_c2020.
300 _a178 p. :
_bil., retrs.
_c21 cm.
500 _aIncluye datos biográficos de los autores en las paginas 175-177.
590 _aInventariado, 2022/ YL
700 1 2 _aGonzález Báez, Keila
_979747
910 _aYLockward
942 _2ddc
_cLBS1
999 _c52737
_d52737